Представление документа в формате MARC21

ПолеНазваниеЗначение
  Тип записи a
  Библиографический уровень m
001 Контрольный номер RU\infra-m\znanium\bibl\2132347
005 Дата корректировки 20240827142108.3
008 Кодируемые данные 231211s2023 RU g rus u
040 Источник каталогиз. __
a Служба первич. каталог. Общество с ограниченной ответственностью «ЗНАНИУМ»
041 Код языка издания __
a Код языка текста rus
044 Код страны публикации __
a Код страны публикации RU
080 Индекс УДК __
a Индекс УДК 796
084 Индекс другой классификации/Индекс ББК __
2 Источник индекса rubbk
a Индекс другой классификации/Индекс ББК 75
084 Индекс другой классификации/Индекс ББК __
2 Источник индекса rubbk
a Индекс другой классификации/Индекс ББК 886
084 Индекс другой классификации/Индекс ББК __
2 Источник индекса okso
a Индекс другой классификации/Индекс ББК 37.03.01
084 Индекс другой классификации/Индекс ББК __
2 Источник индекса okso
a Индекс другой классификации/Индекс ББК 49.03.01
084 Индекс другой классификации/Индекс ББК __
2 Источник индекса okso
a Индекс другой классификации/Индекс ББК 58.04.01
100 Автор __
a Автор Линева Н.А.
q Полное имя Линева Нина Аркадьевна
u Дополнение Волгоградский государственный аграрный университет
245 Заглавие __
a Заглавие Методика проведения занятий адаптивной физической культурой для людей с умственной отсталостью, расстройствами психологического развития и эмоциональными расстройствами поведения
b Продолж. заглавия Учебно-методическая литература
c Ответственность Волгоградский государственный аграрный университет
260 Выходные данные __
a Место издания Волгоград
b Издательство ФГБОУ ВПО Волгоградский государственный аграрный университет
c Дата издания 2022
300 Физическое описание __
a Объем 84 с.
520 Аннотация __
a Аннотация В учебно-методическом пособии представлена программа занятий для студентов с умственной отсталостью расстройствами психологического развития и эмоциональными расстройствами поведения. Программа имеет деление на различные уровни подготовленности людей рассчитана на длительный период реализации имеется возможность сочетания всех комплексов варьирования количества упражнений предметов времени и количества тренировок. Пособие предназначено для студентов всех специальностей и направлений подготовки изучающих дисциплины по физической культуре и спорту. Материал представленный в пособии может быть рекомендован для использования при планировании учебного процесса преподавателями физической культуры вузов.
521 Примеч. о цел. назн. __
a Примеч. о целев. назн. ВО - Бакалавриат
650 Тематические рубрики __
a Основная рубрика Медицина. Фармакология
x Основная подрубрика Общая терапия.Физиотерапия
655 Указ. предметных рубрик (устаревшее) __
a Жанр/ форма (устаревшее) Учебно-методическая литература
700 Другие авторы __
a Другие авторы Навальная О.С.
q Полное имя Навальная Ольга Сергеевна
u Дополнение Волгоградский государственный аграрный университет
700 Другие авторы __
a Другие авторы Пажаева Е.А.
q Полное имя Пажаева Евгения Александровна
u Дополнение Волгоградский государственный аграрный университет
856 Электронный адрес документа 4_
a Имя сервера/домена znanium.ru
m Помощь ebs_support@infra-m.ru
n Местонахождение сервера НИЦ ИНФРА-М
u URL https://znanium.ru/catalog/document?id=439294
856 Электронный адрес документа 48
a Имя сервера/домена znanium.ru
d Путь /cover/2132
f Электронное имя 2132347.jpg
q Тип электронного формата image/jpeg
u URL https://znanium.ru/cover/2132/2132347.jpg
911 __
u 0030=https://znanium.ru/catalog/document?id=439294